Freezing and irradiation of fish

Сохранить в:
Библиографические подробности
Главный автор: Kreuzer, Rudolf (Автор)
Корпоративные авторы: FAO (Автор), Food and Agriculture Organization of the United Nations (Автор)
Формат:
Язык:английский
Опубликовано: Londres Fishing News 1969
Предметы:
Метки: Добавить метку
Нет меток, Требуется 1-ая метка записи!

MARC

LEADER 00000nam a2200000 a 4500
001 UCR5341
003 CL-VaPUC
008 980327e19690000UK |||||||||||||||||eng|d
082 0 4 |a 664.9453  |b KRE  |2 21 
100 |a Kreuzer, Rudolf  |e author  |9 407657 
110 2 |a FAO  |e author  |9 406142 
710 2 |a Food and Agriculture Organization of the United Nations  |e author  |9 406143 
245 1 0 |a Freezing and irradiation of fish 
300 |a 528 p 
942 |c BK 
945 |d 19980327 00:00:00  |a crobeson 
260 |a Londres  |b Fishing News  |c 1969 
650 7 |a PESCADO CONGELADO  |2 CL-VaPUC  |9 406144 
650 0 |a Preservación de alimentos  |9 406123 
650 7 |a PRODUCTOS CONGELADOS  |2 CL-VaPUC  |9 405895 
650 7 |a PRESERVACION  |2 CL-VaPUC  |9 262959 
650 7 |a CONGELACION  |2 CL-VaPUC  |9 344459 
650 7 |a IRRADIACION  |2 CL-VaPUC  |9 394625 
650 0 |a Refrigeración  |9 259343 
650 7 |a PRODUCTOS PESQUEROS  |2 CL-VaPUC  |9 259452 
650 7 |a EMPAQUE  |2 CL-VaPUC  |9 406145 
650 0 |a Envasado  |9 262168 
583 |a last modification  |c 19980327 00:00:00  |k Rodrigo Vera 
999 |c 267952  |d 267950 
952 |0 0  |1 0  |4 0  |6 664_945300000000000_KRE_1969  |7 0  |8 A  |9 300799  |a BIBALI  |b BIBALI  |d 2019-11-20  |i 197341K  |o 664.9453 KRE 1969  |p 197341K  |r 2025-01-20  |w 2019-11-20  |y BK  |k ALI 
952 |0 0  |1 0  |4 0  |6 664_945300000000000_KRE_1969  |7 0  |8 A  |9 300800  |a BIBALI  |b BIBALI  |d 2019-11-20  |i 1973428  |o 664.9453 KRE 1969  |p 1973428  |r 2025-01-20  |w 2019-11-20  |y BK  |k ALI